000 00332nam a2200145 i 4500
001 bg
100 1 _aBOROS, A.
245 0 _aElectrical measurements in engineering /
_cA.Boros.
260 _aBudapest,
_c1985.
040 _cBPK
041 _apol
080 _a621.317
942 _cKS
008 s pl f |000 0 pol
999 _c29070
_d29070
856 _uhttp://koha.tu.koszalin.pl/cgi-bin/koha/opac-detail.pl?biblionumber=29070
_yKatalog online BPK